00368nam a2200145Ia 450000500170000000800460001703700120006304000200007504100130009508400210010824500190012924500570014826000090020530000080021420250508151715.0008 250505s9999 xx 000 0 eng d aTextual aFEDLbengcFEDL aeng2eng a915.4, INDqFEDL 0aGuide to Dilhi 0cIndia. Information and Broadcation, (Ministry of...) c1955 a38p